[Event "BCF-chT2 2324 (4NCL)"]
[Site "England"]
[Date "2024.02.10"]
[Round "5.31"]
[White "Richardson, John R"]
[Black "Merry, Alan B"]
[Result "1-0"]
[WhiteElo "2277"]
[BlackElo "2437"]
[PlyCount "79"]
[EventDate "2023.11.11"]
[EventType "team-tourn"]
[EventRounds "11"]
[EventCountry "ENG"]
[SourceTitle "CB11_2024"]
[SourceDate "2024.03.13"]
[SourceVersion "1"]
[SourceVersionDate "2024.03.13"]
[SourceQuality "1"]
[WhiteTeam "The ADS"]
[BlackTeam "Barbican"]
[WhiteTeamCountry "ENG"]
[BlackTeamCountry "ENG"]

1. Nf3 d5 2. d4 Nf6 3. c4 e6 4. Nc3 dxc4 5. Qa4+ Nbd7 6. Qxc4 a6 7. Bf4 c5 8. dxc5 Bxc5 9. e3 0-0 10. Be2 b5 11. Qb3 Be7 12. a3 Nc5 13. Qc2 Bb7 14. 0-0 Rc8 15. Rad1 Qb6 16. Qb1 Nfe4 17. Be5 Nxc3 18. Bxc3 Be4 19. Qa1 Bc2 20. b4 Bxd1 21. bxc5 Qxc5 22. Bb4 Qxb4 23. axb4 Bxe2 24. Rb1 Rfd8 25. Nd4 Bd3 26. Rd1 Be4 27. f3 Bb7 28. Rb1 Rc4 29. Qa5 Rd6 30. Qa1 Bf6 31. Kf1 h5 32. Rc1 Bxd4 33. exd4 Rxb4 34. Rc7 Rbxd4 35. Qc3 Rd3 36. Qc5 Rd1+ 37. Kf2 R1d5 38. Qa7 Rd2+ 39. Kg3 Bxf3 40. gxf3 1-0

[Event "BCF-chT2 2223 (4NCL)"]
[Site "England"]
[Date "2023.03.19"]
[Round "8.21"]
[White "Richardson, John R"]
[Black "Berry, Neil"]
[Result "0-1"]
[WhiteElo "2278"]
[BlackElo "2252"]
[PlyCount "42"]
[EventDate "2022.10.22"]
[EventType "team-tourn"]
[EventRounds "11"]
[EventCountry "ENG"]
[SourceTitle "EXT 2024"]
[Source "ChessBase"]
[SourceDate "2023.10.10"]
[SourceVersion "1"]
[SourceVersionDate "2023.10.10"]
[SourceQuality "1"]
[WhiteTeam "The ADS"]
[BlackTeam "Alba"]
[WhiteTeamCountry "ENG"]
[BlackTeamCountry "ENG"]

1. d4 Nf6 2. c4 e6 3. Nc3 Bb4 4. e3 0-0 5. Nge2 c6 6. a3 Ba5 7. b4 Bc7 8. e4 d5 9. e5 Nfd7 10. cxd5 exd5 11. Nf4 Nxe5 12. dxe5 Bxe5 13. Qf3 Bg4 14. Qxg4 Bxc3+ 15. Bd2 Bxa1 16. Bd3 Re8+ 17. Kf1 Nd7 18. Nh5 g6 19. Qg3 Nf6 20. Nxf6+ Qxf6 21. h4 Bc3 0-1

[Event "BCF-chT2 2223 (4NCL)"]
[Site "England"]
[Date "2023.03.18"]
[Round "7.11"]
[White "Cherniaev, Alexander"]
[Black "Richardson, John R"]
[Result "1-0"]
[WhiteElo "2509"]
[BlackElo "2278"]
[PlyCount "51"]
[EventDate "2022.10.22"]
[EventType "team-tourn"]
[EventRounds "11"]
[EventCountry "ENG"]
[SourceTitle "EXT 2024"]
[Source "ChessBase"]
[SourceDate "2023.10.10"]
[SourceVersion "1"]
[SourceVersionDate "2023.10.10"]
[SourceQuality "1"]
[WhiteTeam "Barnet Knights"]
[BlackTeam "The ADS"]
[WhiteTeamCountry "ENG"]
[BlackTeamCountry "ENG"]

1. d4 Nf6 2. c4 e6 3. g3 d5 4. Nf3 Be7 5. Bg2 0-0 6. 0-0 c6 7. Nfd2 b6 8. Nc3 Ba6 9. b3 Nbd7 10. e4 Rc8 11. Bb2 dxc4 12. Nxc4 Qc7 13. Rc1 Rfd8 14. e5 Ne8 15. Qg4 Bxc4 16. bxc4 c5 17. Nb5 Qb8 18. d5 a6 19. dxe6 Nxe5 20. Bxe5 Qxe5 21. exf7+ Kf8 22. Na7 Nf6 23. Qf3 Rb8 24. Nc6 Qb2 25. Rce1 Bd6 26. Re2 1-0

[Event "BCF-chT2 2223 (4NCL)"]
[Site "England"]
[Date "2023.02.11"]
[Round "5.12"]
[White "Crocker, Philip J"]
[Black "Richardson, John R"]
[Result "0-1"]
[WhiteElo "2196"]
[BlackElo "2278"]
[PlyCount "74"]
[EventDate "2022.10.22"]
[EventType "team-tourn"]
[EventRounds "11"]
[EventCountry "ENG"]
[SourceTitle "EXT 2024"]
[Source "ChessBase"]
[SourceDate "2023.10.10"]
[SourceVersion "1"]
[SourceVersionDate "2023.10.10"]
[SourceQuality "1"]
[WhiteTeam "Spirit of Atticus"]
[BlackTeam "The ADS"]
[WhiteTeamCountry "ENG"]
[BlackTeamCountry "ENG"]

1. d4 Nf6 2. c4 e6 3. g3 d5 4. Nf3 Bb4+ 5. Bd2 Be7 6. Bg2 0-0 7. Qc2 c6 8. h4 b6 9. Bf4 Bb7 10. Nc3 Na6 11. Rd1 Rc8 12. e4 Nb4 13. Qb1 dxc4 14. e5 Nfd5 15. Ng5 Nd3+ 16. Rxd3 cxd3 17. Qxd3 g6 18. Be4 c5 19. Nxh7 Nxf4 20. gxf4 Qxd4 21. Qxd4 cxd4 22. Bxb7 dxc3 23. Nxf8 cxb2 24. 0-0 Rc1 25. Be4 Kxf8 26. Kg2 Bxh4 27. Rg1 b5 28. Rf1 b4 29. Rg1 a5 30. Bb1 Ke7 31. Rf1 a4 32. Be4 a3 33. Bb1 b3 34. axb3 Rxb1 35. Rxb1 a2 36. Rxb2 a1Q 37. Re2 Qd4 0-1

[Event "BCF-chT2 2223 (4NCL)"]
[Site "England"]
[Date "2022.10.22"]
[Round "1.12"]
[White "Turner, Max N"]
[Black "Richardson, John R"]
[Result "0-1"]
[WhiteElo "2255"]
[BlackElo "2278"]
[PlyCount "114"]
[EventDate "2022.10.22"]
[EventType "team-tourn"]
[EventRounds "11"]
[EventCountry "ENG"]
[SourceTitle "EXT 2024"]
[Source "ChessBase"]
[SourceDate "2023.10.10"]
[SourceVersion "1"]
[SourceVersionDate "2023.10.10"]
[SourceQuality "1"]
[WhiteTeam "North East England"]
[BlackTeam "The ADS"]
[WhiteTeamCountry "ENG"]
[BlackTeamCountry "ENG"]

1. d4 Nf6 2. c4 e6 3. Nc3 Bb4 4. e3 0-0 5. Bd3 d5 6. Nge2 dxc4 7. Bxc4 a6 8. a3 Be7 9. b4 a5 10. b5 c5 11. bxc6 bxc6 12. 0-0 Ba6 13. Bxa6 Nxa6 14. e4 c5 15. Be3 Rc8 16. d5 exd5 17. exd5 Nc7 18. Qa4 Ncxd5 19. Rfd1 Nxc3 20. Nxc3 Qc7 21. Rab1 Qe5 22. Qc4 Rfd8 23. Rdc1 Bd6 24. Qh4 h6 25. Nb5 Bb8 26. Re1 Qf5 27. h3 Rd5 28. Qc4 Re8 29. Nc3 Rde5 30. Rb5 Bd6 31. Rd1 Rxe3 32. fxe3 Rxe3 33. Rb7 Ne8 34. Nd5 Re4 35. Qc3 Re2 36. Qf3 Qe5 37. Rxf7 Qh2+ 38. Kf1 Re6 39. Rd7 Nf6 40. Ne3 Be7 41. Nf5 Bf8 42. Ng3 c4 43. Rd8 Re7 44. Kf2 Rf7 45. Ke2 Re7+ 46. Kd2 Qxg3 47. Qxg3 Ne4+ 48. Kc2 Nxg3 49. Rc8 Nf5 50. Rdd8 Rf7 51. Kc3 Ne3 52. g4 g5 53. Re8 Rf3 54. a4 Nd5+ 55. Kd4 Nb6 56. Rb8 Rd3+ 57. Ke4 Nd7 0-1

[Event "GBR-ch 108th"]
[Site "Torquay"]
[Date "2022.08.20"]
[Round "8"]
[White "Richardson, John R"]
[Black "Balaji, Aaravamudhan"]
[Result "0-1"]
[WhiteElo "2296"]
[BlackElo "2194"]
[PlyCount "120"]
[EventDate "2022.08.13"]
[EventType "swiss"]
[EventRounds "9"]
[EventCountry "ENG"]
[SourceTitle "CBM 209 Extra"]
[Source "ChessBase"]
[SourceDate "2022.09.30"]
[SourceVersion "1"]
[SourceVersionDate "2022.09.30"]
[SourceQuality "1"]

1. d4 Nf6 2. c4 g6 3. g3 Bg7 4. Bg2 d5 5. cxd5 Nxd5 6. e4 Nb6 7. Ne2 c5 8. d5 e6 9. Nbc3 0-0 10. 0-0 exd5 11. exd5 Bf5 12. Be3 N8d7 13. b3 Re8 14. Qd2 Rc8 15. d6 Ne5 16. Bxb7 Qd7 17. Bg2 Bh3 18. Bh6 Bxg2 19. Kxg2 Qc6+ 20. f3 Bxh6 21. Qxh6 Ng4 22. Qh4 Ne3+ 23. Kf2 Nxf1 24. Rxf1 f5 25. Nf4 Qxd6 26. Rd1 Qe5 27. Ncd5 Nxd5 28. Rxd5 Qe1+ 29. Kg2 Qe7 30. Qxe7 Rxe7 31. h4 c4 32. bxc4 Rxc4 33. h5 g5 34. Nd3 Rc2+ 35. Kh3 Re3 36. Nb4 Rb2 37. Nc6 Rxf3 38. h6 Rff2 39. Ne7+ Kf7 40. Nxf5 Ke6 41. Ne3 Rbe2 42. Rd8 Rh2+ 43. Kg4 Rxh6 44. a3 Rg6 45. Ra8 Rg7 46. Nf5 h5+ 47. Kf3 Kxf5 48. Rf8+ Kg6 49. Kxe2 Re7+ 50. Kd2 Rf7 51. Rc8 Rf3 52. Rc6+ Kf5 53. Ra6 Kg4 54. Rxa7 Kxg3 55. Ra5 Kg4 56. Ke2 Rf4 57. a4 h4 58. Ra8 h3 59. a5 h2 60. Rh8 Kg3 0-1

[Event "GBR-ch 108th"]
[Site "Torquay"]
[Date "2022.08.18"]
[Round "6"]
[White "Richardson, John R"]
[Black "Bradbury, Neil H"]
[Result "1/2-1/2"]
[WhiteElo "2296"]
[BlackElo "2211"]
[PlyCount "101"]
[EventDate "2022.08.13"]
[EventType "swiss"]
[EventRounds "9"]
[EventCountry "ENG"]
[SourceTitle "CBM 209 Extra"]
[Source "ChessBase"]
[SourceDate "2022.09.30"]
[SourceVersion "1"]
[SourceVersionDate "2022.09.30"]
[SourceQuality "1"]

1. d4 Nf6 2. c4 c5 3. d5 e6 4. Nc3 exd5 5. cxd5 d6 6. Nf3 g6 7. g3 Bg7 8. Bg2 0-0 9. 0-0 Re8 10. Nd2 Nbd7 11. h3 a6 12. a4 b6 13. Nc4 Ne5 14. Na3 Nh5 15. e4 b5 16. Ne2 b4 17. Nc2 a5 18. f4 Nc4 19. g4 Nf6 20. Ng3 Ba6 21. Re1 Nd7 22. Rb1 b3 23. Ne3 Nxe3 24. Bxe3 Rb8 25. Kh2 Rb4 26. Bd2 Rb8 27. Re3 c4 28. Qe1 Bd4 29. Bxa5 Qf6 30. Rf3 Bxb2 31. e5 Nxe5 32. fxe5 Qxe5 33. Qxe5 Bxe5 34. Bc3 Bb7 35. Bxe5 Rxe5 36. Rc3 Bxd5 37. Bxd5 Rxd5 38. Rxc4 Rd2+ 39. Kg1 Ra2 40. Rd4 Rb6 41. Ne4 Rc6 42. Rd2 d5 43. Rxd5 Rcc2 44. Rd3 Rg2+ 45. Kf1 Rh2 46. Kg1 Rag2+ 47. Kf1 b2 48. Nc3 Rc2 49. Kg1 Rcg2+ 50. Kf1 Rc2 51. Kg1 1/2-1/2

[Event "GBR-ch 108th"]
[Site "Torquay"]
[Date "2022.08.13"]
[Round "1"]
[White "Ashworth, Michael"]
[Black "Richardson, John R"]
[Result "0-1"]
[WhiteElo "2039"]
[BlackElo "2296"]
[PlyCount "54"]
[EventDate "2022.08.13"]
[EventType "swiss"]
[EventRounds "9"]
[EventCountry "ENG"]
[SourceTitle "CBM 209 Extra"]
[Source "ChessBase"]
[SourceDate "2022.09.30"]
[SourceVersion "1"]
[SourceVersionDate "2022.09.30"]
[SourceQuality "1"]

1. d4 d5 2. c4 c6 3. Nf3 Nf6 4. Nc3 e6 5. Bg5 Nbd7 6. e3 Qa5 7. Nd2 dxc4 8. Bxf6 Nxf6 9. Nxc4 Qc7 10. Be2 Be7 11. 0-0 0-0 12. Rc1 Rd8 13. Qc2 Bd7 14. Rfd1 c5 15. dxc5 Qxc5 16. Ne4 Nxe4 17. Qxe4 Bc6 18. Qe5 Rd5 19. Qc3 Bf6 20. Qc2 Rxd1+ 21. Rxd1 b5 22. Na3 Qxc2 23. Nxc2 Bxb2 24. Bxb5 Bxb5 25. Rb1 Rd8 26. h3 Be5 27. f4 Ba4 0-1

[Event "South Wales op 17th"]
[Site "Bridgend"]
[Date "2022.07.08"]
[Round "3"]
[White "Camacho Collados, Jose"]
[Black "Richardson, John R"]
[Result "1/2-1/2"]
[WhiteElo "2410"]
[BlackElo "2289"]
[PlyCount "128"]
[EventDate "2022.07.07"]
[EventType "swiss"]
[EventRounds "9"]
[EventCountry "WLS"]
[SourceTitle "CBM 209 Extra"]
[Source "ChessBase"]
[SourceDate "2022.09.30"]
[SourceVersion "1"]
[SourceVersionDate "2022.09.30"]
[SourceQuality "1"]

1. e4 c6 2. d4 d5 3. f3 e6 4. Nc3 Bb4 5. a3 Bxc3+ 6. bxc3 dxe4 7. Nh3 Qa5 8. Bd2 e3 9. Bxe3 Qxc3+ 10. Kf2 Nf6 11. Bd3 Nd5 12. Qd2 Nd7 13. Rhe1 0-0 14. Ng5 N7f6 15. Ne4 Qxd2+ 16. Bxd2 Nxe4+ 17. fxe4 Ne7 18. Bb4 Re8 19. Bd6 b6 20. a4 Bb7 21. a5 Rad8 22. Bc7 Rxd4 23. axb6 axb6 24. Bxb6 Rd7 25. Reb1 Ng6 26. Bc5 Ne5 27. Be2 Rc8 28. Ra3 f6 29. h4 Kf7 30. Ra7 Ba8 31. Rba1 Bb7 32. R1a3 Rcc7 33. Bb6 Rc8 34. Bc5 Rcc7 35. Rb3 Bc8 36. Ra8 g5 37. Rbb8 Bb7 38. Rf8+ Kg6 39. Rg8+ Rg7 40. h5+ Kh6 41. Rae8 Rxg8 42. Rxg8 Nd7 43. Be7 Rc8 44. Rxc8 Bxc8 45. Bg4 e5 46. Kf3 Kg7 47. Bd8 Kf7 48. Bf5 Ke8 49. Bc7 h6 50. Bd6 Kf7 51. Kg4 Nb6 52. Bxc8 Nxc8 53. Bc5 Ke6 54. g3 Nd6 55. Bxd6 Kxd6 56. Kf5 Ke7 57. c3 c5 58. c4 Kf7 59. g4 Ke7 60. Kg6 Ke6 61. Kg7 Ke7 62. Kg6 Ke6 63. Kg7 Ke7 64. Kg8 f5 1/2-1/2

[Event "BCF-chT2a 1920 (4NCL)"]
[Site "Daventry"]
[Date "2020.02.29"]
[Round "1.12"]
[White "Richardson, John R"]
[Black "Kozusek, Daniel"]
[Result "1/2-1/2"]
[WhiteElo "2241"]
[BlackElo "2335"]
[PlyCount "48"]
[EventDate "2020.01.11"]
[EventType "team-tourn"]
[EventRounds "11"]
[EventCountry "ENG"]
[SourceTitle "CBM 195 Extra"]
[Source "ChessBase"]
[SourceDate "2020.05.31"]
[SourceVersion "1"]
[SourceVersionDate "2020.05.31"]
[SourceQuality "1"]
[WhiteTeam "The ADS"]
[BlackTeam "West is Best"]
[WhiteTeamCountry "ENG"]
[BlackTeamCountry "ENG"]

1. d4 e6 2. Nf3 d5 3. c4 Nf6 4. g3 Bb4+ 5. Bd2 Be7 6. Bg2 0-0 7. 0-0 Nbd7 8. b3 Ne4 9. Nc3 Nxd2 10. Qxd2 c6 11. e4 Bb4 12. exd5 exd5 13. cxd5 Nf6 14. Qb2 Nxd5 15. Nxd5 Qxd5 16. Ne5 Qa5 17. Nc4 Qd8 18. d5 cxd5 19. Rad1 Be6 20. Ne3 d4 21. Qxd4 Qxd4 22. Rxd4 Bc5 23. Rd3 Rad8 24. Nd5 Bxd5 1/2-1/2

[Event "BCF-chT2a 1920 (4NCL)"]
[Site "Daventry"]
[Date "2020.02.08"]
[Round "5.43"]
[White "Coathup, Roger"]
[Black "Richardson, John R"]
[Result "1-0"]
[WhiteElo "2152"]
[BlackElo "2241"]
[PlyCount "119"]
[EventDate "2020.01.11"]
[EventType "team-tourn"]
[EventRounds "11"]
[EventCountry "ENG"]
[SourceTitle "CBM 194 Extra"]
[Source "ChessBase"]
[SourceDate "2020.03.31"]
[SourceVersion "1"]
[SourceVersionDate "2020.03.31"]
[SourceQuality "1"]
[WhiteTeam "North East England"]
[BlackTeam "The ADS"]
[WhiteTeamCountry "ENG"]
[BlackTeamCountry "ENG"]

1. d4 Nf6 2. Nf3 e6 3. e3 b6 4. Bd3 Bb7 5. 0-0 Be7 6. c4 0-0 7. Nc3 d5 8. cxd5 exd5 9. b3 Ne4 10. Bb2 Nd7 11. Qe2 a6 12. Rac1 Bd6 13. Qc2 Re8 14. Ne2 c5 15. Ng3 g6 16. Rfd1 Qe7 17. dxc5 Ndxc5 18. Nxe4 dxe4 19. Qc3 f6 20. Bc4+ Kg7 21. Qxf6+ Qxf6 22. Bxf6+ Kxf6 23. Rxd6+ Ke7 24. Rxb6 exf3 25. b4 fxg2 26. bxc5 Bc8 27. Bd5 Ra7 28. Bxg2 Rf8 29. f4 Rc7 30. Be4 Rd8 31. Rc2 Rd1+ 32. Kf2 Ra1 33. h4 a5 34. h5 Be6 35. hxg6 hxg6 36. Ra6 Bf5 37. Bxf5 gxf5 38. Rxa5 Rh1 39. Rc3 Rb7 40. Kg2 Rbb1 41. c6 Rbf1 42. Rxf5 Rhg1+ 43. Kh2 Rh1+ 44. Kg3 Rhg1+ 45. Kh4 Rf2 46. e4 Rh2+ 47. Rh3 Rxa2 48. Rg5 Rf1 49. Kg4 Raf2 50. Rf5 Rg2+ 51. Rg3 Rc2 52. Re5+ Kf7 53. Ra3 Rxc6 54. Ra7+ Kf6 55. Rf5+ Ke6 56. Rg5 Rg1+ 57. Kh5 Rxg5+ 58. Kxg5 Rc1 59. f5+ Kd6 60. Kf6 1-0

[Event "London Classic rapid op 11th"]
[Site "London"]
[Date "2019.12.07"]
[Round "3"]
[White "Conway, Paul Bernard"]
[Black "Richardson, John R"]
[Result "0-1"]
[WhiteElo "1852"]
[BlackElo "2152"]
[PlyCount "62"]
[EventDate "2019.12.07"]
[EventType "swiss (rapid)"]
[EventRounds "7"]
[EventCountry "ENG"]
[SourceTitle "CBM 195 Extra"]
[Source "ChessBase"]
[SourceDate "2020.05.31"]
[SourceVersion "1"]
[SourceVersionDate "2020.05.31"]
[SourceQuality "1"]

1. e4 c6 2. d4 d5 3. exd5 cxd5 4. Bd3 Nc6 5. c3 Qc7 6. h3 Nf6 7. Nf3 g6 8. Qc2 Bg7 9. 0-0 0-0 10. Re1 Bd7 11. Nbd2 Rac8 12. a3 Nh5 13. Nf1 e5 14. dxe5 Nxe5 15. Nxe5 Bxe5 16. Bh6 Rfe8 17. Rad1 d4 18. c4 b5 19. Rc1 bxc4 20. Qxc4 Qd6 21. Qa6 Rc6 22. Qxa7 Rxc1 23. Rxc1 Nf4 24. Bxf4 Bxf4 25. Rc4 Be5 26. a4 Be6 27. Rc5 Rb8 28. Rb5 Rc8 29. b4 Rc3 30. Be4 Rc1 31. Rc5 Bh2+ 0-1

[Event "London Classic rapid op 11th"]
[Site "London"]
[Date "2019.12.07"]
[Round "6"]
[White "Richardson, John R"]
[Black "Clarke, Brandon GI"]
[Result "0-1"]
[WhiteElo "2152"]
[BlackElo "2380"]
[PlyCount "118"]
[EventDate "2019.12.07"]
[EventType "swiss (rapid)"]
[EventRounds "7"]
[EventCountry "ENG"]
[SourceTitle "CBM 195 Extra"]
[Source "ChessBase"]
[SourceDate "2020.05.31"]
[SourceVersion "1"]
[SourceVersionDate "2020.05.31"]
[SourceQuality "1"]

1. d4 Nf6 2. c4 g6 3. g3 Bg7 4. Bg2 0-0 5. Nc3 d6 6. Nf3 Nbd7 7. 0-0 e5 8. e4 c6 9. h3 Qb6 10. c5 dxc5 11. dxe5 Ne8 12. e6 fxe6 13. Ng5 Ne5 14. Na4 Qb5 15. f4 Nf7 16. Nxf7 Bd4+ 17. Kh2 Rxf7 18. e5 Nc7 19. Nc3 Qa5 20. Ne4 Nd5 21. Ng5 Re7 22. h4 h6 23. Ne4 Bd7 24. Qg4 Kh7 25. Nd6 h5 26. Qg5 Rg7 27. Be4 Qa6 28. Qxh5+ Kg8 29. Qf3 Rf8 30. Kg2 Bxe5 31. Bd3 b5 32. Ne4 Bd4 33. h5 c4 34. Bb1 gxh5 35. Qxh5 Nf6 36. Nxf6+ Rxf6 37. Rh1 c5 38. Be4 Bc6 39. Qf3 Bxe4 40. Qxe4 Qb7 41. Qxb7 Rxb7 42. Rb1 e5 43. Kf3 Re7 44. Re1 e4+ 45. Rxe4 Rxe4 46. Kxe4 Re6+ 47. Kf5 Re1 48. g4 Kf7 49. g5 Rg1 50. b4 c3 51. bxc5 c2 52. Rxb5 Rxc1 53. g6+ Ke7 54. Rb7+ Kd8 55. Rb4 Rd1 56. Rxd4+ Rxd4 57. g7 Rxf4+ 58. Kg5 c1Q 59. g8Q+ Rf8+ 0-1

[Event "London Classic rapid op 11th"]
[Site "London"]
[Date "2019.12.07"]
[Round "1"]
[White "Watson, Mikey J"]
[Black "Richardson, John R"]
[Result "0-1"]
[WhiteElo "1821"]
[BlackElo "2152"]
[PlyCount "76"]
[EventDate "2019.12.07"]
[EventType "swiss (rapid)"]
[EventRounds "7"]
[EventCountry "ENG"]
[SourceTitle "CBM 195 Extra"]
[Source "ChessBase"]
[SourceDate "2020.05.31"]
[SourceVersion "1"]
[SourceVersionDate "2020.05.31"]
[SourceQuality "1"]

1. Nf3 Nf6 2. c4 e6 3. g3 d5 4. d4 Bb4+ 5. Bd2 Be7 6. Bg2 0-0 7. 0-0 c6 8. Qc2 a5 9. Ne5 Nbd7 10. Nxd7 Bxd7 11. c5 b6 12. Bf4 bxc5 13. dxc5 Nh5 14. Bd2 e5 15. e4 d4 16. Na3 Qc7 17. Rac1 Be6 18. b3 Rfd8 19. Qd3 a4 20. Nc4 axb3 21. axb3 Bxc5 22. f4 f6 23. Bf3 Bf7 24. fxe5 fxe5 25. Bxh5 Bxh5 26. Rf5 Be2 27. Qb1 d3+ 28. Kh1 Rf8 29. Ne3 Qb6 30. Ng2 Rxf5 31. exf5 e4 32. b4 e3 33. Rxc5 exd2 34. Ne3 Qa7 35. Kg2 Qe7 36. Kf2 Re8 37. Qa2+ Kh8 38. Qxd2 Qe4 0-1

[Event "Hull 4NCL op"]
[Site "Hull"]
[Date "2019.11.01"]
[Round "1"]
[White "Staples, Daniel J"]
[Black "Richardson, John R"]
[Result "0-1"]
[WhiteElo "1983"]
[BlackElo "2225"]
[PlyCount "72"]
[EventDate "2019.11.01"]
[EventType "swiss"]
[EventRounds "5"]
[EventCountry "ENG"]
[SourceTitle "CBM 192 Extra"]
[Source "Chessbase"]
[SourceDate "2019.11.06"]
[SourceVersion "1"]
[SourceVersionDate "2019.11.06"]
[SourceQuality "1"]

1. d4 Nf6 2. Nf3 e6 3. e3 b6 4. Bd3 Bb7 5. Nbd2 d5 6. Ne5 Be7 7. 0-0 0-0 8. f4 c5 9. c3 Ne4 10. Qg4 f5 11. Qh5 Nd7 12. Nxe4 dxe4 13. Nxd7 Qxd7 14. Bc4 b5 15. Bb3 c4 16. Bc2 a5 17. Bd2 Bd5 18. Qe2 b4 19. Bd1 Rab8 20. Qe1 Kh8 21. h4 Qb5 22. g3 a4 23. cxb4 Bxb4 24. Bxb4 Qxb4 25. Qxb4 Rxb4 26. Rf2 Rfb8 27. a3 Rxb2 28. Bxa4 Rxf2 29. Kxf2 Rb2+ 30. Kf1 Rh2 31. Bd1 g6 32. a4 c3 33. Rc1 Bc4+ 34. Kg1 Rd2 35. h5 Kg7 36. hxg6 hxg6 0-1

[Event "South Wales op 16th"]
[Site "Cardiff"]
[Date "2019.07.11"]
[Round "7"]
[White "Bullen, Alex"]
[Black "Richardson, John R"]
[Result "1-0"]
[WhiteElo "2118"]
[BlackElo "2239"]
[PlyCount "91"]
[EventDate "2019.07.07"]
[EventType "swiss"]
[EventRounds "9"]
[EventCountry "WLS"]
[SourceTitle "CBM 191 Extra"]
[Source "ChessBase"]
[SourceDate "2019.09.30"]
[SourceVersion "1"]
[SourceVersionDate "2019.09.30"]
[SourceQuality "1"]

1. e4 c6 2. d4 d5 3. exd5 cxd5 4. c3 Nc6 5. Bf4 Nf6 6. Nd2 g6 7. h3 Bg7 8. Ngf3 Bf5 9. Qb3 Na5 10. Qa4+ Bd7 11. Qc2 0-0 12. Bd3 b5 13. 0-0 Qb6 14. Rfe1 e6 15. Nb3 Nxb3 16. Qxb3 Rfc8 17. Ne5 Be8 18. Rac1 Rab8 19. Ng4 Rb7 20. Nh6+ Kh8 21. g4 a5 22. Be5 Bxh6 23. Bxf6+ Bg7 24. Bxg7+ Kxg7 25. Qd1 b4 26. Qe2 Qd6 27. Ba6 Rcb8 28. Bxb7 Rxb7 29. Qe5+ Qxe5 30. Rxe5 bxc3 31. bxc3 Rb2 32. c4 dxc4 33. Rxa5 Bc6 34. Rc5 Bd5 35. Ra1 Kf6 36. a4 Rb3 37. a5 Rb7 38. a6 Ra7 39. Ra3 Kg5 40. Rca5 Kf4 41. Re3 h5 42. gxh5 gxh5 43. Kf1 f5 44. Ke2 Kg5 45. Kd2 f4 46. Rxe6 1-0

[Event "South Wales op 16th"]
[Site "Cardiff"]
[Date "2019.07.09"]
[Round "4"]
[White "Petrov, Marian"]
[Black "Richardson, John R"]
[Result "1-0"]
[WhiteElo "2463"]
[BlackElo "2239"]
[PlyCount "67"]
[EventDate "2019.07.07"]
[EventType "swiss"]
[EventRounds "9"]
[EventCountry "WLS"]
[SourceTitle "CBM 191 Extra"]
[Source "ChessBase"]
[SourceDate "2019.09.30"]
[SourceVersion "1"]
[SourceVersionDate "2019.09.30"]
[SourceQuality "1"]

1. e4 c6 2. d4 d5 3. e5 Bf5 4. c4 e6 5. Nc3 Ne7 6. Nf3 Nd7 7. h3 h6 8. b3 Ng6 9. a3 Be7 10. Be2 0-0 11. 0-0 f6 12. exf6 Rxf6 13. Be3 Bd6 14. b4 Qe7 15. Re1 Raf8 16. Ra2 Bb8 17. Nh2 Bxh3 18. Ng4 Rf5 19. gxh3 Nh4 20. f4 h5 21. Nh2 g5 22. Kh1 gxf4 23. Rg1+ Kh8 24. Bf2 f3 25. Bd3 R5f7 26. Bf1 Re8 27. Qe1 Ng2 28. Bxg2 fxg2+ 29. Rxg2 Ref8 30. cxd5 cxd5 31. Re2 Re8 32. Nxd5 Qd6 33. Nc3 Nf8 34. Re5 1-0

[Event "Stevenage 4NCL Easter op"]
[Site "Stevenage"]
[Date "2019.04.21"]
[Round "5"]
[White "Richardson, John R"]
[Black "Moore, Gerald C"]
[Result "1-0"]
[WhiteElo "2243"]
[BlackElo "2045"]
[PlyCount "123"]
[EventDate "2019.04.19"]
[EventType "swiss"]
[EventRounds "7"]
[EventCountry "ENG"]
[SourceTitle "CBM 189 Extra"]
[Source "ChessBase"]
[SourceDate "2019.06.03"]
[SourceVersion "1"]
[SourceVersionDate "2019.06.03"]
[SourceQuality "1"]

1. d4 Nf6 2. c4 g6 3. g3 Bg7 4. Bg2 0-0 5. Nc3 d6 6. Nf3 Nc6 7. 0-0 Bg4 8. d5 Na5 9. Nd2 c5 10. Qc2 e5 11. h3 Bd7 12. b3 b6 13. Bb2 Qe7 14. e4 Nh5 15. Qd1 Bh6 16. Qe2 Rae8 17. Rae1 Bc8 18. Bc1 Nb7 19. Qd1 Nd8 20. a3 f6 21. b4 Nf7 22. Nb3 Bxc1 23. Nxc1 Kh8 24. Nd3 Qd7 25. Kh2 Ng7 26. f4 exf4 27. gxf4 g5 28. bxc5 bxc5 29. fxg5 fxg5 30. Qf3 Kg8 31. Qe3 Qe7 32. e5 Nf5 33. Qd2 Nxe5 34. Nxe5 dxe5 35. Ne4 Nd4 36. Qxg5+ Qxg5 37. Nxg5 Bf5 38. d6 Kg7 39. Ne4 Bxe4 40. Bxe4 Rf4 41. Bd5 Rd8 42. Rxf4 exf4 43. Re7+ Kf6 44. Rxa7 Rxd6 45. Rxh7 Kg5 46. Rg7+ Kh6 47. Rg4 Ra6 48. Rxf4 Rxa3 49. Rg4 Rc3 50. Rg3 Rc2+ 51. Rg2 Rc3 52. Rf2 Kg5 53. Rg2+ Kf5 54. h4 Ra3 55. h5 Ra6 56. Kh3 Kf4 57. Rg4+ Ke3 58. Rg6 Ra1 59. h6 Nf3 60. Rg3 Rh1+ 61. Kg4 Rh4+ 62. Kf5 1-0

[Event "BCF-chT2a 1819 (4NCL)"]
[Site "England"]
[Date "2019.03.16"]
[Round "7.23"]
[White "Pollack, Oscar"]
[Black "Richardson, John R"]
[Result "0-1"]
[WhiteElo "2222"]
[BlackElo "2320"]
[PlyCount "96"]
[EventDate "2018.11.10"]
[EventType "team-tourn"]
[EventRounds "11"]
[EventCountry "ENG"]
[SourceTitle "EXT 2021"]
[Source "ChessBase"]
[SourceDate "2020.10.23"]
[SourceVersion "1"]
[SourceVersionDate "2020.10.23"]
[SourceQuality "1"]
[WhiteTeam "Barnet Knights"]
[BlackTeam "The ADS"]
[WhiteTeamCountry "ENG"]
[BlackTeamCountry "ENG"]

1. d4 Nf6 2. c4 e6 3. g3 Bb4+ 4. Nd2 d5 5. Bg2 0-0 6. Qc2 Nc6 7. Ngf3 dxc4 8. Qxc4 Qd5 9. 0-0 Re8 10. Qd3 Qh5 11. Ne4 Nxe4 12. Qxe4 Bd6 13. Rd1 e5 14. Be3 f5 15. Qc2 e4 16. Qb3+ Kh8 17. Ng5 Nd8 18. Nh3 Qxe2 19. Nf4 Qa6 20. Bf1 Qb6 21. Qa4 Rf8 22. d5 Qxb2 23. Nh5 Qb4 24. Qc2 Bd7 25. a4 Be8 26. a5 Be7 27. d6 Bxh5 28. Ra4 Qxa5 29. Rxa5 Bxd6 30. Qb2 Nc6 31. Qxb7 Ne5 32. Bg2 a6 33. Qd5 Be2 34. Qa2 Bc4 35. Qd2 Rab8 36. Bd4 Rb5 37. Bc3 Rfb8 38. h3 h6 39. Raa1 Kh7 40. g4 Rd5 41. Qc1 Rxd1+ 42. Qxd1 Bd3 43. f4 Ng6 44. Kf2 Nxf4 45. Bd4 Ne2 46. gxf5 Bg3+ 47. Ke3 Bf4+ 48. Kf2 Nxd4 0-1